Aventuras de Alice no país das maravilhas (Registo nº 1920)
[ vista simples ]
| 000 -Etiqueta do registo | |
|---|---|
| Cabeçalho | 00990nam a22003251 4500 |
| 005 - Identificador da versão | |
| Campo de controlo | 20240813121919.0 |
| 095 ## - | |
| -- | PTBN00548779 |
| 010 ## - Número internacional normalizado dos livros (ISBN) | |
| Número (ISBN) | 9722317423 |
| 021 ## - Número do Depósito Legal | |
| Código do país | PT |
| Número | 63405/93 |
| 100 ## - Dados gerais de processamento | |
| Dados gerais de processamento | 20070528d1993 da y0pory5003 ba |
| 102 ## - Pais de publicação ou produção | |
| País de publicação | Portugal |
| 101 1# - Língua de publicação | |
| Língua do texto, banda sonora, etc. | Português |
| Língua do documento no original | Inglês |
| 106 ## - Campo de dados codificados: material textual | |
| Dados codificados do material textual | r |
| 105 ## - Campo de dados codificados: livros | |
| Dados codificados dos livros | a z 001fy |
| 215 ## - Descrição física | |
| Indicação específica da natureza do documento e extensão da espécie | 117 p. |
| Outras indicações físicas | il. |
| Dimensões | 21 cm |
| 200 1# - Titulo e menção de responsabilidade | |
| Título próprio | Aventuras de Alice no país das maravilhas |
| Primeira menção de responsabilidade | Lewis Carroll |
| Outras menções de responsabilidade | trad. Carlos Grifo Babo |
| -- | il. John Tenniel |
| 225 2# - Colecção | |
| Título próprio da colecção | À descoberta |
| Indicação de volume | 8 |
| 205 ## - Menção da edição | |
| Menção da edição | 2ª ed |
| 210 ## - Publicação, Distribuição, etc. | |
| Lugar da edição, distribuição, etc. | Lisboa |
| Nome do editor, distribuidor, etc. | Presença |
| Data da publicação, distribuição, etc. | 1993 |
| 304 ## - Notas relativas a título e menção de responsabilidade | |
| Texto da nota | Tít. orig.: Alice's adventures in Wonderland |
| 606 ## - Nome comum usado como assunto | |
| Número de registo de entrada de autoridade | 0000516 |
| Palavra de ordem | Liteartura estrangeira infanto-juvenil |
| Subdivisão de assunto | Romance de aventuras |
| 675 ## - Classificação Decimal Universal (CDU) | |
| Notação | 82-311.3 |
| Edição | 2ª |
| Língua da edição | por |
| 702 #1 - Nome de autor-pessoa física (responsabilidade secundária) | |
| Número de registo de entrada de autoridade | 0000518 |
| Palavra de ordem | Babo |
| Outra parte do nome não tomada para palavra de ordem | Carlos Grifo |
| Código de função | Tradutor |
| Número de registo de entrada de autoridade | 0000519 |
| Palavra de ordem | Tenniel |
| Outra parte do nome não tomada para palavra de ordem | John |
| Código de função | Ilustrador / Técnico de desenho computorizado |
| 700 #1 - Nome de autor-pessoa física (responsabilidade principal) | |
| Número de registo de entrada de autoridade | 0000517 |
| Palavra de ordem | Carroll |
| Outra parte do nome não tomada para palavra de ordem | Lewis |
| Elementos de identificação ou distinção | pseud. |
| 942 ## - Elementos de entrada adicionados (Koha) | |
| Tipo de item no Koha | Livro |
| Situação do levantamento | Origin of item (home branch) (coded) | Biblioteca de empréstimo | Código de barras | Cota | Circulation type (not for loan) | Tipo de documento | Nota do exemplar | Damaged status |
|---|---|---|---|---|---|---|---|---|
| Biblioteca Escolar da Coca Maravilhas | Biblioteca Escolar da Coca Maravilhas | BECM3621/98 | 8EST CAR | Livro | Sem mensagem |
